Statistics for Which City is Larger? #2

Click here to take the quiz!

General Stats

  • This quiz has been taken 115 times
  • The average score is 12 of 15

Answer Stats

QuestionAnswer% Correct
In South AmericaBuenos Aires
95%
In MinnesotaMinneapolis
95%
In FloridaMiami
91%
In ScandinaviaStockholm
91%
In New ZealandAuckland
90%
In LibyaTripoli
90%
In CanadaMontréal
89%
In the Persian GulfDoha
88%
In the UAEDubai
85%
In ScandinaviaCopenhagen
82%
In SwitzerlandZürich
82%
In BeneluxAmsterdam
79%
In the BalticsRiga
78%
In New YorkBrooklyn
53%
In the CaribbeanSanto Domingo
52%

Score Distribution

Percentile by Number Answered

Percent of People with Each Score

Your Score History

You have not taken this quiz